Sexualidade e reprodução (Registo nº 124)
[ vista simples ]
| 000 -Etiqueta do registo | |
|---|---|
| Cabeçalho | 00634nam0a2200229 4500 |
| 005 - Identificador da versão | |
| Campo de controlo | 20240813121755.0 |
| 010 ## - Número internacional normalizado dos livros (ISBN) | |
| Número (ISBN) | 9728385137 |
| 100 ## - Dados gerais de processamento | |
| Dados gerais de processamento | 20191126d1997 a e0pory5003 ba |
| 102 ## - Pais de publicação ou produção | |
| País de publicação | Portugal |
| 101 1# - Língua de publicação | |
| Língua do texto, banda sonora, etc. | Português |
| Língua do documento no original | Espanhol |
| 215 ## - Descrição física | |
| Indicação específica da natureza do documento e extensão da espécie | 479, [8] p. |
| Outras indicações físicas | il. color |
| 200 1# - Titulo e menção de responsabilidade | |
| Título próprio | Sexualidade e reprodução |
| Primeira menção de responsabilidade | dir. Joaquín Navarro |
| 225 2# - Colecção | |
| Título próprio da colecção | Enciclopédia da sexualidade |
| Indicação de volume | 3 |
| 210 ## - Publicação, Distribuição, etc. | |
| Lugar da edição, distribuição, etc. | Lisboa |
| Nome do editor, distribuidor, etc. | Oceano-Liarte |
| Data da publicação, distribuição, etc. | 1997 |
| 606 ## - Nome comum usado como assunto | |
| Número de registo de entrada de autoridade | 0003150 |
| Palavra de ordem | Sexualidade |
| Código do sistema | CA |
| 675 ## - Classificação Decimal Universal (CDU) | |
| Notação | 613.88 |
| Edição | 3ª ed. |
| Língua da edição | por |
| 702 #1 - Nome de autor-pessoa física (responsabilidade secundária) | |
| Número de registo de entrada de autoridade | 0003151 |
| Palavra de ordem | Navarro |
| Outra parte do nome não tomada para palavra de ordem | Joaquín |
| Código de função | Diretor / Director teatral / Realizador |
| 966 ## - Identificação da Biblioteca | |
| Sigla | EB2,3ENM |
| 942 ## - Elementos de entrada adicionados (Koha) | |
| Tipo de item no Koha | Livro |
| Situação do levantamento | Origin of item (home branch) (coded) | Biblioteca de empréstimo | Código de barras | Cota | Circulation type (not for loan) | Tipo de documento | Nota do exemplar | Damaged status |
|---|---|---|---|---|---|---|---|---|
| Biblioteca Escolar Eng. Nuno Mergulhão | Biblioteca Escolar Eng. Nuno Mergulhão | BENM209 | 61 ENC | Cativo | Sem mensagem |
